000 01245cam a22003617a 4500
003 CHAP
005 20220329142329.0
008 000725d1999 mx r 00110 eng d
010 _a81835
011 _a82807
020 _a970648034X
035 _a93311
040 _cCHAP
090 _aFolleto 15991
100 0 0 _aMorris, Michael L.
_978900
245 1 0 _aImpacts of maize breeding research in Latin America, 1966-1997
_c/by Michael L. Morris and Miguel A. López-Pereira
260 _aMéxico, D. F. :
_bCentro Internacional de Mejoramiento de Maíz y Trigo,
_c1999.
300 _a45 p. :
_bgráfs.
590 _aBATCH-UPD
_b10
_c20130110
_lUCH01
_h0227
590 _aBATCH-UPD
_b10
_c20130110
_lUCH01
_h1449
590 _aBATCH-UPD
_b10
_c20130409
_lUCH01
_h2250
590 _aBATCH-UPD
_b10
_c20130410
_lUCH01
_h1405
590 _aBATCH-UPD
_b10
_c20130914
_lUCH01
_h1733
590 _aCONVERSION
_b10
_c20130109
_lUCH01
_h1345
650 1 4 _aMaíz
_xAmérica Latina.
_970859
650 1 4 _aMaíz
_xInvestigación.
_970984
650 1 4 _aMaíz
_xRendimiento.
_971051
700 0 _aLópez Pereira, Miguel Angel.
_968216
901 _aBK
905 _aLilia Sánchez G.
942 _cFOLL
949 _aFolleto 15991
_bBC
_cFOLL
_d933111
_eTS1
_i93311
_sb
999 _c81835
_d81835